The Ten Pillars of Success (Record no. 12607)

MARC details
000 -LEADER
fixed length control field 00266nam a22000977a 4500
008 - FIXED-LENGTH DATA ELEMENTS--GENERAL INFORMATION
fixed length control field 240723b |||||||| |||| 00| 0 eng d
020 ## - INTERNATIONAL STANDARD BOOK NUMBER
International Standard Book Number 9781838957735
100 ## - MAIN ENTRY--PERSONAL NAME
Personal name Perry Josephine Dr
9 (RLIN) 7782
245 ## - TITLE STATEMENT
Title The Ten Pillars of Success
260 ## - PUBLICATION, DISTRIBUTION, ETC. (IMPRINT)
Place of publication, distribution, etc. London
Name of publisher, distributor, etc. Allen & Unwin
Date of publication, distribution, etc. 2022
Holdings
Withdrawn status Lost status Source of classification or shelving scheme Damaged status Koha normalized classification for sorting Not for loan Home library Current library Shelving location Date acquired Total Checkouts Full call number Barcode Date last seen Date last checked out Price effective from Koha item type
    Dewey Decimal Classification   PER_150_000000000000000   Good Samaritan School Library Good Samaritan School Library PSYCHOLOGY 07/23/2024 3 PER150 PER17398 11/27/2024 11/14/2024 07/23/2024 BOOK

Powered by Koha